Normal view
MARC view
- FUZZY SETS, FUZZY SYSTEMS, CONTROL THEORY
Entry Topical Term
001 - CONTROL NUMBER
- control field: 66834
003 - CONTROL NUMBER IDENTIFIER
- control field: NUST
005 - DATE AND TIME OF LATEST TRANSACTION
- control field: 20210628203701.0
008 - FIXED-LENGTH DATA ELEMENTS
- fixed length control field: 210628|| aca||aabn | a|a d
040 ## - CATALOGING SOURCE
- Original cataloging agency: NUST
- Transcribing agency: NUST
150 ## - HEADING--TOPICAL TERM
- Topical term or geographic name entry element: FUZZY SETS, FUZZY SYSTEMS, CONTROL THEORY
670 ## - SOURCE DATA FOUND
- Source citation: Work cat.: (NUST): Yager, Ronald R, Filev, Dimitar P 66833, Essentials of fuzzy modeling and control, 2002
